| 000 | 00779nam a22002531i 4500 | ||
|---|---|---|---|
| 001 | 18519 | ||
| 003 | ES-MaACL | ||
| 007 | t| | ||
| 008 | 020128s1978 sp r ||||0| spa j | ||
| 016 | 7 | _zIND91012965 | |
| 020 | _a84-320-0294-1 | ||
| 040 |
_aM-BN _bspa _cA2 |
||
| 080 | _a369.432(46)(091) | ||
| 100 | 1 |
_aAlcocer, José Luis. _919562 |
|
| 245 | 1 | 0 |
_aRadiografía de un fraude _b: notas para una historia del frente de juventudes / _cJosé Luis Alcocer. |
| 260 |
_aBarcelona : _bPlaneta, _c1978. |
||
| 300 |
_a262 p., 1 h : _bil ; _c18 cm. |
||
| 490 | 1 | _aColección Textos | |
| 500 | _aIndice. | ||
| 610 | 2 | 7 |
_aFrente de Juventudes (España)- _vHistoria. _94184 |
| 830 | 0 |
_aColección Textos _9180523 |
|
| 852 |
_aES-MaACL _jG-1113 _bR.130955 |
||
| 999 |
_c18519 _d18519 |
||